000 00699nam a2200181Ia 4500
008 090124s9999 xx 000 0 und d
082 _b105250
100 _aदेशपांडे ग.त्र्यं. (गणेश त्र्यंबक)
245 _a सांख्य - कारिका
250 _a1
260 _c1955
300 _a200
600 _aदेशपांडे ग.त्र्यं. (गणेश त्र्यंबक)
630 _a सांख्य - कारिका
700 _aदेशपांडे ग.त्र्यं. (गणेश त्र्यंबक)
730 _a सांख्य - कारिका
942 _cBOOK
999 _c151341
_d151341